Statistics for Red Line - 5 Seconds of Summer (All Lyrics)

Click here to take the quiz!

General Stats

  • This quiz has been taken 54 times
  • The average score is 197 of 241

Answer Stats

Red Line% Correct
I
100%
A
97%
a
97%
The
97%
the
97%
to
97%
We
97%
we
97%
you
97%
for
93%
go?
93%
ChorusHow
93%
door?
90%
each
90%
from
90%
he
90%
I'm
90%
in
90%
line
90%
many
90%
me
90%
other
90%
other?
90%
red
90%
did
87%
hard
87%
Verse 1It's
87%
no
87%
not
87%
on
87%
out
87%
run
87%
so
87%
time
87%
times
87%
walk
87%
actor
83%
dark
83%
hates
83%
himself
83%
my
83%
says
83%
we're
83%
what
83%
when
83%
When
83%
all
80%
alone
80%
good
80%
Into
80%
more
80%
morning
80%
your
80%
ask
77%
by
77%
could
77%
faded
77%
help
77%
matter
77%
myself
77%
sinkin'
77%
someone's
77%
this
77%
what's
77%
with
77%
and
73%
been
73%
bell
73%
coat
73%
collided
73%
cut
73%
deep
73%
hour
73%
repair
73%
Screaming
73%
think
73%
thought
73%
winter
73%
Another
70%
Post-ChorusCause
70%
city
70%
fake
70%
is
70%
of
70%
Reaching
70%
spendin'
70%
too
70%
warning
70%
without
70%
Aperol
67%
burnt
67%
joke
67%
mission
67%
vessel
67%
about
63%
Verse 2Lonely
63%
memory
63%
that
63%
tickin'
63%
waitin'
63%
welcome
63%
yourself
63%
Every
60%
Fall
60%
gives
60%
lose
60%
choose?
57%
comedy
57%
hear
57%
hell
57%
just
57%
love
57%
only
57%
weapon
57%
Am
53%
hours
53%
one
53%
part
53%
reminisce
53%
secret
53%
showed
53%
sentimental
50%
whistle
47%
close
43%
doors
40%

Score Distribution

Percentile by Number Answered

Percent of People with Each Score

Your Score History

You have not taken this quiz